000 00447nam a2200157Ia 4500
003 GCL
008 140319s9999 xx 000 0 aRus d
040 _aGCL /
_cGCL
082 0 4 _a892.76
_bN G
100 1 _aNAGUIB MAHFOUZ
245 1 0 _aEL CALLEJON DE LOS MILAGROS (SPANISH LANGUAGE) /
_cNAGUIB MAHFOUZ
260 _a[S.N] :
_bTHE AMERICAN UNIVERSITY IN CAIRO PRESS ،
_c1989
300 _a371 PP
650 0 4 _aNAGUIB MAHFOUZ
942 _2ddc
_cBK
999 _c18502
_d18502